000 00876nam0a22002891 4500
001 rc\529027
005 20250621121627.0
010 _a5-7655-0038-2
_910000
035 _a(NLR Aleph) 005767168
090 _a4997264
_c4997264
100 _a20030616d1988 |||y0rusy50 ca
101 0 _arus
102 _aRU
105 _ay |||||||||
200 1 _aРусско-тувинский разговорник
_f[Сост. Е.Б. Салзынмаа]
205 _a[2-е изд., доп.]
210 _aКызыл
_cТувин. кн. изд-во
_d1988
215 _a189, [1] с.
_d11
300 _aЗагл. также: тувин.
702 1 _aСалзынмаа
_bЕ.Б.
_gЕлизавета Боракаевна
_4220
801 0 _aRU
_bNLR
_gpsbo
801 1 _aRU
_bELAR
_2rusmarc
852 _aNLR
_bОНЛ
852 _aNLR
_jОНЛ
942 _cBOOK
980 _aNB